LEADER 02666oam 22006374a 450 001 9910965758303321 005 20251117072109.0 010 $a0-8173-8965-2 035 $a(CKB)3710000000654269 035 $a(EBL)4513938 035 $a(SSID)ssj0001662690 035 $a(PQKBManifestationID)16447649 035 $a(PQKBTitleCode)TC0001662690 035 $a(PQKBWorkID)14792882 035 $a(PQKB)11035201 035 $a(MiAaPQ)EBC4513938 035 $a(OCoLC)948690854 035 $a(MdBmJHUP)muse51435 035 $a(Au-PeEL)EBL4513938 035 $a(CaPaEBR)ebr11208192 035 $a(EXLCZ)993710000000654269 100 $a20150923d2016 uy 0 101 0 $aeng 135 $aur|n|---||||| 181 $ctxt 182 $cc 183 $acr 200 10$aArchaeopoetics $eWord, Image, History /$fMandy Bloomfield 205 $a1st ed. 210 1$aTuscaloosa, Alabama :$cThe University of Alabama Press,$d2016. 210 4$dİ2016 215 $a1 online resource (257 p.) 225 0 $aModern and contemporary poetics 300 $aDescription based upon print version of record. 311 08$a0-8173-5853-6 320 $aIncludes bibliographical references and index. 327 $aArchaeopoetics -- "Radical visible subsurface": Susan Howe's frictional histories of the underword -- "The word. the image": Theresa Hak Kyung Cha's fractured forms -- "Haemorrhage of uns -": Maggie O'Sullivan's corporeal salvagings -- Isles full of noises: Kamau Brathwaite's archipelagic poetics -- Alluvial siftings: M. Nourbese Philip's marine archaeopoetics -- Afterword: archaeopoetic afterlives. 330 $aExplores poetry as historical investigation, examining works by five contemporary poets whose creations represent new, materially emphatic methods of engaging with the past and producing new kinds of historical knowledge Archaeopoetics explores "archaeological poetry," ground-breaking and experimental writing by innovative poets whose work opens. 410 0$aModern and contemporary poetics. 606 $aPoetics 606 $aVisual perception in literature 606 $aImagery (Psychology) in literature 606 $aPoetry, Modern$xHistory and criticism 608 $aElectronic books. 615 0$aPoetics. 615 0$aVisual perception in literature. 615 0$aImagery (Psychology) in literature. 615 0$aPoetry, Modern$xHistory and criticism. 676 $a809.1/04 700 $aBloomfield$b Mandy$f1971-$01857212 801 0$bMdBmJHUP 801 1$bMdBmJHUP 906 $aBOOK 912 $a9910965758303321 996 $aArchaeopoetics$94457968 997 $aUNINA LEADER 02606oas 2201057 a 450 001 9910146643003321 005 20250921213016.0 011 $a1568-5527 035 $a(DE-599)ZDB2032425-X 035 $a(DE-599)2032425-X 035 $a(OCoLC)52329573 035 $a(CONSER) 2007242020 035 $a(CKB)954925565690 035 $a(EXLCZ)99954925565690 100 $a20030528a19909999 sy 101 0 $aeng 135 $aurmn#|||||||| 181 $ctxt$2rdacontent 182 $cc$2rdamedia 183 $acr$2rdacarrier 200 10$aAdvanced powder technology 210 $aUtrecht $cVSP 300 $aRefereed/Peer-reviewed 311 08$a0921-8831 606 $aPowders$vPeriodicals 606 $aParticles$vPeriodicals 606 $aGranular materials$vPeriodicals 606 $aPowders 606 $aParticles 606 $aGranular materials 606 $aPowders 606 $aPoudres 606 $aParticules (Matie?re) 606 $aMate?riaux granulaires 606 $aPoudres$vPe?riodiques 606 $aParticules (Matie?re)$vPe?riodiques 606 $aMate?riaux granulaires$vPe?riodiques 606 $apowder$2aat 606 $aGranular materials$2fast$3(OCoLC)fst00946463 606 $aParticles$2fast$3(OCoLC)fst01054113 606 $aPowders$2fast$3(OCoLC)fst01074177 608 $aPeriodicals.$2fast 615 0$aPowders 615 0$aParticles 615 0$aGranular materials 615 0$aPowders. 615 0$aParticles. 615 0$aGranular materials. 615 2$aPowders. 615 6$aPoudres. 615 6$aParticules (Matie?re) 615 6$aMate?riaux granulaires. 615 6$aPoudres 615 6$aParticules (Matie?re) 615 6$aMate?riaux granulaires 615 7$apowder. 615 7$aGranular materials. 615 7$aParticles. 615 7$aPowders. 676 $a620.4305 712 02$aFuntai Ko?gakkai (Japan) 801 0$bTXU 801 1$bTXU 801 2$bOCLCQ 801 2$bOCL 801 2$bOCLCQ 801 2$bDLC 801 2$bHUA 801 2$bMYG 801 2$bGBT 801 2$bMUQ 801 2$bUKMGB 801 2$bOCLCQ 801 2$bMYG 801 2$bOCLCQ 801 2$bBUF 801 2$bCOO 801 2$bOCLCF 801 2$bOCLCQ 801 2$bAU@ 801 2$bVT2 801 2$bNJT 801 2$bAUD 801 2$bOCLCO 801 2$bOCLCQ 801 2$bIOY 801 2$bOCLCL 906 $aJOURNAL 912 $a9910146643003321 996 $aAdvanced powder technology$9802488 997 $aUNINA